000 nam a22 7a 4500
999 _c29373
_d29373
008 171205b xxu||||| |||| 00| 0 eng d
020 _a9789966466679
050 _aAFR PR 9381.9 .G5.C6 2011
100 _aGithae, Charles.
245 _aComrade Inmate /
_cCharles, Githae.
250 _a1st ed.
260 _aKenya:
_bEast African Educational Publishers,
_c2011.
300 _a204p.
_c20cm
650 _aOral Literature
942 _2lcc
_cAFRICANA
_hAFR PR 9381.9 .G5.C6 2011